[Event "Velka cena Tabora"]
[Site "?"]
[Date "2018.08.05"]
[Round "9.6"]
[White "Kotal, Vaclav"]
[Black "Nehyba, Martin"]
[Result "1-0"]
[WhiteElo "2101"]
[BlackElo "2163"]
[PlyCount "79"]
[EventDate "2018.??.??"]

1. e4 c5 2. Nf3 Nc6 3. Nc3 e6 4. d4 cxd4 5. Nxd4 Nf6 6. Ndb5 d6 7. Bf4 e5 8.
Bg5 a6 9. Na3 b5 10. Bxf6 gxf6 11. Nd5 f5 12. exf5 Bxf5 13. c3 Bg7 14. Nc2 O-O
15. Nce3 Be6 16. Bd3 f5 17. Qh5 e4 18. Bc2 Ne5 19. Nf4 Qd7 20. Nxe6 Qxe6 21.
Bb3 Nc4 22. Rd1 Rac8 23. O-O Rc5 24. f4 d5 25. Bxc4 dxc4 26. Rf2 a5 27. Rfd2 b4
28. Rd6 Qc8 29. Qg5 Rc6 30. Rd8 Qe6 31. Rxf8+ Kxf8 32. Rd8+ Kf7 33. Nxf5 Bf8
34. Nd4 Bc5 35. Qg8+ Kf6 36. Rf8+ Ke7 37. Re8+ Kd7 38. Rxe6 Bxd4+ 39. cxd4 Rxe6
40. Qxh7+ 1-0

[Event "Velka cena Tabora"]
[Site "?"]
[Date "2018.08.05"]
[Round "9.7"]
[White "Popelka, Oldrich"]
[Black "Nagy, Ladislav"]
[Result "1/2-1/2"]
[WhiteElo "2110"]
[BlackElo "1996"]
[PlyCount "96"]
[EventDate "2018.??.??"]

1. c4 e5 2. Nc3 Nc6 3. g3 g6 4. Bg2 Bg7 5. Nf3 d6 6. Rb1 a5 7. a3 f5 8. d3 Nf6
9. O-O O-O 10. b4 axb4 11. axb4 Nh5 12. Bg5 Bf6 13. Bxf6 Qxf6 14. Nd5 Qg7 15.
Ra1 Rxa1 16. Qxa1 g5 17. b5 Nd8 18. Qa8 Ne6 19. Nd2 g4 20. Nb4 Nd4 21. Rd1 f4
22. Bxb7 Bxb7 23. Qxb7 f3 24. exf3 gxf3 25. Re1 Qg5 26. Re3 Ne2+ 27. Kf1 Nd4
28. Qe4 Qf6 29. Qh4 Qxh4 30. gxh4 Ng7 31. Nc6 Nxc6 32. bxc6 Ra8 33. Nxf3 Kf7
34. d4 exd4 35. Nxd4 Ra1+ 36. Re1 Ra4 37. Rc1 Ra5 38. Nb5 Ne6 39. Ke2 Ra6 40.
Ke3 Rxc6 41. Nd4 Nxd4 42. Kxd4 Rc5 43. Rg1 h6 44. Rg4 Rf5 45. Rg3 Re5 46. Re3
Rc5 47. Ke4 Ke6 48. Kf4+ Kf6 1/2-1/2

[Event "Velka cena Tabora"]
[Site "?"]
[Date "2018.08.05"]
[Round "9.8"]
[White "Mulenko, Alexander"]
[Black "Parak, Dominik"]
[Result "1-0"]
[WhiteElo "2109"]
[BlackElo "2098"]
[PlyCount "165"]
[EventDate "2018.??.??"]

1. Nf3 Nf6 2. c4 g6 3. g3 Bg7 4. Bg2 O-O 5. O-O d6 6. d4 c6 7. Nc3 Nbd7 8. e4
e5 9. h3 Re8 10. Be3 Qa5 11. d5 cxd5 12. cxd5 Nc5 13. Nd2 Bd7 14. Qb1 Na4 15.
b4 Qa6 16. Nxa4 Bxa4 17. Rc1 Rec8 18. Qb2 b6 19. Bf1 Bb5 20. Bxb5 Qxb5 21.
Rxc8+ Rxc8 22. Rc1 Qd7 23. Kg2 Ne8 24. Rc3 f5 25. f3 f4 26. Bf2 fxg3 27. Bxg3
Bh6 28. Nf1 Kf7 29. a3 Rxc3 30. Qxc3 Qc7 31. Qxc7+ Nxc7 32. a4 b5 33. a5 Na6
34. Bf2 Nxb4 35. Bxa7 Na6 36. Be3 Bf4 37. Kf2 Kf6 38. Nd2 Kg5 39. Nb3 Kf6 40.
Ke2 g5 41. Bc1 Ke7 42. Kd3 Kd7 43. Ba3 Kc7 44. Kc3 Bg3 45. Bc1 h6 46. Be3 Bf4
47. Bf2 Kb7 48. Bb6 Kc8 49. Na1 Bg3 50. Nc2 Kd7 51. Kb3 Kc8 52. Nb4 Kb7 53.
Nxa6 Kxa6 54. Bc7 Bf4 55. Bxd6 Kxa5 56. Bf8 h5 57. Bb4+ Kb6 58. Be1 Be3 59. Bc3
Bf4 60. Kb4 h4 61. Be1 Bg3 62. Bc3 Bf4 63. Kb3 Bg3 64. Bb4 Bf4 65. Be7 Bd2 66.
Bd8+ Kc5 67. Be7+ Kb6 68. Bd6 Bf4 69. Bb4 Bg3 70. Bd2 Bf4 71. Bc3 Bg3 72. Kb4
Bf4 73. d6 Kc6 74. d7 Kxd7 75. Kxb5 Ke6 76. Kc6 Be3 77. Bb4 Bd4 78. Bd2 Kf6 79.
Kd5 Bb2 80. Ba5 Ke7 81. Bc7 Kf6 82. Bd8+ Kg6 83. Ke6 1-0

[Event "Velka cena Tabora"]
[Site "?"]
[Date "2018.08.05"]
[Round "9.9"]
[White "Romanov, Sergey"]
[Black "Hanak, Tomas"]
[Result "1-0"]
[WhiteElo "2102"]
[BlackElo "1876"]
[PlyCount "75"]
[EventDate "2018.??.??"]

1. e4 e6 2. d4 d5 3. e5 c5 4. c3 Qb6 5. Nf3 Nc6 6. a3 c4 7. Nbd2 Na5 8. g3 Bd7
9. h4 O-O-O 10. Bh3 f5 11. exf6 gxf6 12. O-O Nh6 13. Re1 e5 14. Bxd7+ Rxd7 15.
dxe5 Bc5 16. Qe2 Ng4 17. Nd4 Nxe5 18. N2f3 Nd3 19. Rf1 Re7 20. Qc2 Nc6 21. Nxc6
Qxc6 22. b4 Bb6 23. a4 Rhe8 24. a5 Re2 25. axb6 Rxc2 26. bxa7 Kd7 27. Nd4 Qb6
28. Nxc2 Nxc1 29. Rfxc1 Ra8 30. Ne3 Ke6 31. Re1 Kf7 32. Nxd5 Qd6 33. Re7+ Qxe7
34. Nxe7 Kxe7 35. Kg2 Kd7 36. Kf3 Kc7 37. Kg4 b6 38. Kh5 1-0

[Event "Velka cena Tabora"]
[Site "?"]
[Date "2018.08.05"]
[Round "9.10"]
[White "Vasicek, Martin"]
[Black "Christen, Pierre"]
[Result "1/2-1/2"]
[WhiteElo "2098"]
[BlackElo "1923"]
[PlyCount "20"]
[EventDate "2018.??.??"]

1. d4 d5 2. Nf3 Nf6 3. Bf4 c6 4. c3 Qb6 5. Qb3 Bf5 6. Nbd2 Nbd7 7. h3 Ne4 8. e3
Nxd2 9. Nxd2 e6 10. c4 Bb4 1/2-1/2

[Event "Velka cena Tabora"]
[Site "?"]
[Date "2018.08.02"]
[Round "6.11"]
[White "Nagy, Ladislav"]
[Black "Kotal, Vaclav"]
[Result "1-0"]
[WhiteElo "1996"]
[BlackElo "2101"]
[PlyCount "32"]
[EventDate "2018.??.??"]

1. e4 c5 2. Nc3 Nc6 3. g3 g6 4. Bg2 Bg7 5. d3 e5 6. Nh3 Nge7 7. O-O O-O 8. f4
d6 9. f5 gxf5 10. exf5 Bxf5 11. Rxf5 Nxf5 12. Be4 Ncd4 13. Qh5 Re8 14. Ng5 Qd7
15. Qxh7+ Kf8 16. Nd5 Re6 1-0

[Event "Velka cena Tabora"]
[Site "?"]
[Date "2018.08.02"]
[Round "6.12"]
[White "Parak, Dominik"]
[Black "Hak, David"]
[Result "1-0"]
[WhiteElo "2098"]
[BlackElo "1886"]
[PlyCount "107"]
[EventDate "2018.??.??"]

1. e4 Nf6 2. e5 Nd5 3. d4 d6 4. exd6 cxd6 5. c4 Nb6 6. Nc3 g6 7. Be3 Bg7 8. Nf3
Nc6 9. h3 O-O 10. Rc1 f5 11. d5 Ne5 12. Nxe5 dxe5 13. Qb3 e4 14. Rd1 Nd7 15.
Nb5 b6 16. Bd4 Bxd4 17. Nxd4 Nc5 18. Qc3 a5 19. Be2 Bd7 20. h4 f4 21. h5 g5 22.
h6 Rf6 23. Nc6 Bxc6 24. dxc6 Qc7 25. Rd5 Ne6 26. Rd7 Qxc6 27. Rxe7 Nc5 28. Rg7+
Kf8 29. Qe5 Nd3+ 30. Bxd3 Re8 31. Qd5 exd3+ 32. Kd1 Qxd5 33. cxd5 Rxh6 34. Rxh6
Kxg7 35. Rxb6 Re2 36. Rb7+ Kf8 37. d6 Ke8 38. Re7+ Rxe7 39. dxe7 Kxe7 40. Kd2
Kd6 41. Kxd3 Kd5 42. b3 h5 43. a3 h4 44. f3 Ke5 45. b4 a4 46. Ke2 Kd4 47. Kf2
Kc4 48. Kg1 h3 49. gxh3 Kd5 50. Kg2 Kc4 51. h4 gxh4 52. Kh3 Kb3 53. b5 Kxa3 54.
b6 1-0

[Event "Velka cena Tabora"]
[Site "?"]
[Date "2018.08.02"]
[Round "6.13"]
[White "Hanak, Tomas"]
[Black "Kudrlicka, Ladislav"]
[Result "1-0"]
[WhiteElo "1876"]
[BlackElo "2031"]
[PlyCount "38"]
[EventDate "2018.??.??"]

1. e4 e5 2. Nf3 Nc6 3. Bb5 Nf6 4. O-O Bc5 5. c3 O-O 6. d4 Bb6 7. Bg5 d6 8. Qd3
Qe7 9. Nbd2 Nd8 10. d5 c6 11. Bc4 Bc7 12. h3 h6 13. Bh4 Kh7 14. dxc6 bxc6 15.
Bxf6 Qxf6 16. Rfd1 Ne6 17. Bxe6 Qxe6 18. Nc4 Ba6 19. Nfd2 Kg8 1-0

[Event "Velka cena Tabora"]
[Site "?"]
[Date "2018.08.02"]
[Round "6.14"]
[White "Lauko, Marian"]
[Black "Vasicek, Martin"]
[Result "0-1"]
[WhiteElo "1853"]
[BlackElo "2098"]
[PlyCount "106"]
[EventDate "2018.??.??"]

1. d4 Nf6 2. c4 c5 3. e3 e6 4. Nf3 cxd4 5. Nxd4 Nc6 6. Nxc6 bxc6 7. g3 d5 8.
Bg2 Ba6 9. Nd2 Bb4 10. b3 O-O 11. O-O Qb6 12. Qc2 Rfd8 13. Rd1 Bc5 14. Bb2 Bxe3
15. Nf1 Bc5 16. Bxf6 gxf6 17. Rdc1 Rac8 18. Qe2 f5 19. h3 Ba3 20. Rc2 Bf8 21.
Nd2 Bg7 22. Rac1 d4 23. Qd3 c5 24. f4 Bb7 25. Re1 Re8 26. Nf3 Be4 27. Qd2 Bxc2
28. Qxc2 Qb4 29. Bf1 Qc3 30. Qd3 a5 31. g4 a4 32. Kf2 axb3 33. axb3 Ra8 34. Kg3
Ra3 35. Rb1 e5 36. fxe5 Bxe5+ 37. Kh4 Bf4 38. gxf5 Qxd3 39. Bxd3 Re3 40. Kg4
Rxd3 41. Kxf4 Raxb3 42. Rg1+ Kf8 43. Ne5 Rd2 44. Nd7+ Ke7 45. Nxc5 Rxh3 46.
Re1+ Re3 47. Rxe3+ dxe3 48. Kxe3 Rc2 49. Kd3 Rc1 50. Ne4 h5 51. c5 h4 52. Kd4
h3 53. f6+ Kd7 0-1

[Event "Velka cena Tabora"]
[Site "?"]
[Date "2018.08.02"]
[Round "6.15"]
[White "Sourek, Martin"]
[Black "Nejdl, Eduard"]
[Result "0-1"]
[WhiteElo "1872"]
[BlackElo "2059"]
[PlyCount "48"]
[EventDate "2018.??.??"]

1. d4 Nf6 2. Bf4 g6 3. Nc3 Bg7 4. e4 O-O 5. Qd2 c5 6. Nf3 cxd4 7. Nxd4 Nc6 8.
Nxc6 dxc6 9. O-O-O Qa5 10. Kb1 Be6 11. Nd5 Qa4 12. b3 Qa3 13. Nxf6+ Bxf6 14. e5
Bg7 15. Qc3 a5 16. Bc1 Qb4 17. Qe3 a4 18. Rd4 Qc5 19. Re4 Qxe3 20. Rxe3 axb3
21. cxb3 Bh6 22. Rc3 Bxc1 23. Rxc1 Rfd8 24. Bc4 Bf5+ 0-1

[Event "Velka cena Tabora"]
[Site "?"]
[Date "2018.08.02"]
[Round "6.16"]
[White "Rybin, Jan"]
[Black "Kubin, Petr"]
[Result "1/2-1/2"]
[WhiteElo "1851"]
[BlackElo "1998"]
[PlyCount "52"]
[EventDate "2018.??.??"]

1. d4 d5 2. Nf3 Nf6 3. e3 e6 4. Bd3 c5 5. c3 Nc6 6. Nbd2 Bd6 7. O-O O-O 8. Qe2
e5 9. dxc5 Bxc5 10. e4 dxe4 11. Nxe4 Be7 12. Bg5 Nxe4 13. Bxe7 Qxe7 14. Bxe4 f6
15. Rad1 Be6 16. Bd5 Rfd8 17. Qc4 Bxd5 18. Rxd5 Kf8 19. Rfd1 Rxd5 20. Rxd5 Rd8
21. Kf1 g6 22. Nd2 Kg7 23. Ke2 f5 24. Rxd8 Qxd8 25. Qd3 Qe7 26. Nf3 Kf6 1/2-1/2

[Event "Velka cena Tabora"]
[Site "?"]
[Date "2018.08.02"]
[Round "6.17"]
[White "Korinkova, Eva"]
[Black "Svetly, Jiri"]
[Result "1-0"]
[WhiteElo "1850"]
[BlackElo "1985"]
[PlyCount "77"]
[EventDate "2018.??.??"]

1. e4 d6 2. d4 Nf6 3. Nc3 g6 4. g3 Bg7 5. Bg2 O-O 6. Nge2 c6 7. a4 e5 8. h3 Qc7
9. O-O Nbd7 10. Be3 b6 11. Qd2 Ba6 12. Rfe1 Rfe8 13. g4 Rad8 14. Ng3 Nf8 15. d5
cxd5 16. exd5 N6d7 17. Ra3 Bc8 18. a5 a6 19. axb6 Nxb6 20. b3 Nfd7 21. Nce4 Nf6
22. c4 Nxe4 23. Bxe4 Rf8 24. Qb4 Nd7 25. Kg2 Nc5 26. f4 f5 27. gxf5 gxf5 28.
Bc2 e4 29. Qd2 Bb2 30. Ra2 Qg7 31. Rg1 Bc3 32. Qe2 Kh8 33. Kh2 Rg8 34. b4 Nd3
35. Bxd3 exd3 36. Qxd3 Rde8 37. Rag2 Rxe3 38. Qxe3 Bd4 39. Qd2 1-0

[Event "Velka cena Tabora"]
[Site "?"]
[Date "2018.08.02"]
[Round "6.18"]
[White "Chalupecky, Vladimir"]
[Black "Rolinek, Frantisek"]
[Result "0-1"]
[WhiteElo "1943"]
[BlackElo "1849"]
[PlyCount "40"]
[EventDate "2018.??.??"]

1. e4 d6 2. d4 Nf6 3. Nc3 e5 4. Nf3 Nbd7 5. Bc4 Be7 6. Bxf7+ Kxf7 7. Ng5+ Kg8
8. Ne6 Qe8 9. Nxc7 Qg6 10. Nxa8 Qxg2 11. Rf1 exd4 12. Qxd4 Ne5 13. f3 Ne8 14.
Qf2 Nxf3+ 15. Ke2 Qh3 16. Qg3 Nd4+ 17. Kd3 Qxf1+ 18. Kxd4 Bf6+ 19. Kd5 Be5 20.
Bf4 Nf6# 0-1

[Event "Velka cena Tabora"]
[Site "?"]
[Date "2018.08.02"]
[Round "6.19"]
[White "Christen, Pierre"]
[Black "Janousek, Petr"]
[Result "1-0"]
[WhiteElo "1923"]
[BlackElo "1659"]
[PlyCount "55"]
[EventDate "2018.??.??"]

1. c4 Nf6 2. g3 d5 3. Bg2 c5 4. cxd5 Nxd5 5. Nc3 Nxc3 6. bxc3 Nc6 7. Nf3 g6 8.
Qa4 Bd7 9. Qb3 Na5 10. Qd5 Qc7 11. Qe5 Qxe5 12. Nxe5 Bg7 13. Nxd7 Kxd7 14. Rb1
Rab8 15. O-O b6 16. d4 cxd4 17. cxd4 Rhc8 18. Bf4 e5 19. dxe5 Rc2 20. e6+ Kxe6
21. Bxb8 Rxa2 22. Bxa7 Nc4 23. Bxb6 Nd2 24. Rfd1 Nxb1 25. Bd5+ Ke7 26. Bxa2 Nc3
27. Bc5+ Ke8 28. Rd2 1-0

[Event "Velka cena Tabora"]
[Site "?"]
[Date "2018.08.02"]
[Round "6.20"]
[White "Flajsman, Pavel"]
[Black "Matejka, Radek"]
[Result "1-0"]
[WhiteElo "1828"]
[BlackElo "1923"]
[PlyCount "93"]
[EventDate "2018.??.??"]

1. e4 c5 2. Nf3 g6 3. d4 cxd4 4. Nxd4 Bg7 5. c4 Nc6 6. Be3 Nf6 7. Nc3 Qa5 8.
Nb3 Qd8 9. Be2 O-O 10. O-O d6 11. f3 Bd7 12. Qd2 b6 13. Nd4 Qc8 14. Rfc1 Qb7
15. Rab1 Rfd8 16. b4 Nh5 17. Nxc6 Bxc6 18. Bd4 Bxd4+ 19. Qxd4 e6 20. Bd3 Qe7
21. Re1 Rac8 22. a4 Qf6 23. Nb5 Bxb5 24. Qxf6 Nxf6 25. axb5 Kf8 26. Rbc1 g5 27.
Bf1 Nd7 28. g3 Ne5 29. Kf2 Ke7 30. h3 Ng6 31. Rc2 Rc7 32. Rec1 Rdc8 33. Ke3 f5
34. Bd3 Nf8 35. Ra2 Rd7 36. Rca1 Rcc7 37. g4 Ng6 38. Bf1 Kd8 39. Bd3 Nf4 40.
Bf1 Ng6 41. Bd3 Ke7 42. Bf1 Kf7 43. Bd3 Kf6 44. Bf1 Nf4 45. Rh2 Kg6 46. Rha2 h5
47. Ra3 1-0

[Event "Velka cena Tabora"]
[Site "?"]
[Date "2018.08.03"]
[Round "7.11"]
[White "Masek, Jan"]
[Black "Krouzel, Jaroslav"]
[Result "0-1"]
[WhiteElo "1909"]
[BlackElo "2079"]
[PlyCount "44"]
[EventDate "2018.??.??"]

1. e4 e6 2. d4 d5 3. Nd2 Nc6 4. Ngf3 Nf6 5. e5 Nd7 6. c3 f6 7. exf6 Qxf6 8. Bd3
Bd6 9. O-O O-O 10. h3 e5 11. Qb3 Nb6 12. Ne4 Qe7 13. Nxd6 cxd6 14. dxe5 dxe5
15. Be4 Be6 16. Ng5 h6 17. Nxe6 Qxe6 18. Bf3 Rxf3 19. gxf3 Qxh3 20. Qd1 Rf8 21.
Be3 Rf6 22. Qd3 e4 0-1

[Event "Velka cena Tabora"]
[Site "?"]
[Date "2018.08.03"]
[Round "7.12"]
[White "Nejdl, Eduard"]
[Black "Korinkova, Eva"]
[Result "1/2-1/2"]
[WhiteElo "2059"]
[BlackElo "1850"]
[PlyCount "66"]
[EventDate "2018.??.??"]

1. e4 c5 2. Nf3 Nc6 3. Bb5 g6 4. O-O Bg7 5. a4 Nd4 6. Nxd4 cxd4 7. f4 Qb6 8. d3
Nf6 9. Bc4 d6 10. f5 Bd7 11. Bb3 Rc8 12. Nd2 Qc5 13. Bc4 O-O 14. Nb3 Qc7 15.
Nxd4 Nxe4 16. Bxf7+ Rxf7 17. dxe4 Bxd4+ 18. Qxd4 Qxc2 19. Be3 Rc4 20. Qxa7 Qxe4
21. fxg6 Qxg6 22. Rxf7 Kxf7 23. Rf1+ Ke6 24. Qxb7 Qe4 25. Qxe4+ Rxe4 26. Kf2
Bxa4 27. Re1 Kf5 28. Bd2 d5 29. g4+ Ke5 30. h4 Rxe1 31. Kxe1 Bb3 32. g5 Kf5 33.
h5 e5 1/2-1/2

[Event "Velka cena Tabora"]
[Site "?"]
[Date "2018.08.03"]
[Round "7.13"]
[White "Kotal, Vaclav"]
[Black "Flajsman, Pavel"]
[Result "1-0"]
[WhiteElo "2101"]
[BlackElo "1828"]
[PlyCount "71"]
[EventDate "2018.??.??"]

1. e4 c6 2. d4 d5 3. e5 Bf5 4. h4 h5 5. c4 dxc4 6. Bxc4 e6 7. Nc3 Nd7 8. Nge2
Nb6 9. Bd3 Ne7 10. Bg5 Bxd3 11. Qxd3 Qd7 12. Ng3 Ned5 13. O-O Be7 14. Nge4 Bxg5
15. Nd6+ Kf8 16. hxg5 g6 17. Nce4 Qe7 18. a4 Nb4 19. Qd2 a5 20. Ra3 Kg7 21. f4
Qc7 22. Nf6 N6d5 23. Rh3 Kf8 24. g4 Ke7 25. gxh5 gxh5 26. Nxd5+ Nxd5 27. f5
Raf8 28. g6 fxg6 29. Qg5+ Kd7 30. fxe6+ Kxe6 31. Qxg6+ Kd7 32. Rxf8 Ne7 33.
Qe8+ Ke6 34. Rxh8 Qb6 35. Rh6+ Kd5 36. Rh4 1-0

[Event "Velka cena Tabora"]
[Site "?"]
[Date "2018.08.03"]
[Round "7.14"]
[White "Heinzel, Olaf"]
[Black "Hak, David"]
[Result "1-0"]
[WhiteElo "2354"]
[BlackElo "1886"]
[PlyCount "75"]
[EventDate "2018.??.??"]

1. d4 Nf6 2. Nf3 g6 3. g3 Bg7 4. Bg2 d5 5. O-O O-O 6. c4 c6 7. Qb3 Nbd7 8. cxd5
cxd5 9. Nc3 e6 10. Bf4 Nb6 11. Rac1 Ne8 12. Rfd1 h6 13. Ne5 g5 14. Bd2 Bd7 15.
e4 Bxe5 16. dxe5 d4 17. Nb5 a6 18. Nc7 Nxc7 19. Qxb6 Nb5 20. Qc5 Rc8 21. Qb4
Bc6 22. a4 Nc7 23. Be1 d3 24. Bf1 Qe8 25. b3 b5 26. Qd6 Na8 27. Bb4 Bxe4 28.
Rxc8 Qxc8 29. Qxf8+ Qxf8 30. Bxf8 Kxf8 31. Bxd3 Bxd3 32. Rxd3 Ke7 33. Rd6 Nc7
34. a5 g4 35. h3 gxh3 36. Kh2 h5 37. Kxh3 f6 38. Rc6 1-0

[Event "Velka cena Tabora"]
[Site "?"]
[Date "2018.08.03"]
[Round "7.15"]
[White "Havluj, Zdenek"]
[Black "Tesar, Jan"]
[Result "1/2-1/2"]
[WhiteElo "1873"]
[BlackElo "2047"]
[PlyCount "21"]
[EventDate "2018.??.??"]

1. e4 c5 2. Nf3 a6 3. c3 d6 4. d4 Nf6 5. Bd3 g6 6. O-O Bg7 7. h3 O-O 8. Be3
cxd4 9. cxd4 Nc6 10. Nc3 Nh5 11. Rc1 1/2-1/2

[Event "Velka cena Tabora"]
[Site "?"]
[Date "2018.08.03"]
[Round "7.16"]
[White "Brom, Jiri"]
[Black "Hanak, Tomas"]
[Result "0-1"]
[WhiteElo "2009"]
[BlackElo "1876"]
[PlyCount "74"]
[EventDate "2018.??.??"]

1. e4 e6 2. Nf3 d5 3. e5 c5 4. g3 Nc6 5. Bg2 Nh6 6. O-O Nf5 7. Re1 Be7 8. c3
O-O 9. d3 Bd7 10. Bf4 b5 11. h4 a5 12. Nbd2 c4 13. d4 b4 14. Nf1 a4 15. a3 bxa3
16. bxa3 Rb8 17. Bg5 Rb3 18. Bxe7 Qxe7 19. Qc1 Rfb8 20. Bh3 h6 21. Bxf5 exf5
22. N3d2 R3b6 23. Ne3 Be6 24. Qc2 f4 25. gxf4 Qxh4 26. Rab1 Rxb1 27. Rxb1 Rxb1+
28. Qxb1 Qxf4 29. Qb5 Nxd4 30. cxd4 Qxd4 31. Nf3 Qe4 32. Qb8+ Kh7 33. Ne1 d4
34. N3g2 d3 35. Qd6 Bd5 36. Qb4 Qxe5 37. Qd2 Be4 0-1

[Event "Velka cena Tabora"]
[Site "?"]
[Date "2018.08.03"]
[Round "7.17"]
[White "Placer, Sebastian"]
[Black "Rolinek, Dominik"]
[Result "1-0"]
[WhiteElo "1868"]
[BlackElo "2004"]
[PlyCount "95"]
[EventDate "2018.??.??"]

1. d4 d5 2. Nf3 Nf6 3. c4 e6 4. g3 Be7 5. Bg2 O-O 6. O-O dxc4 7. Ne5 Nc6 8.
Bxc6 bxc6 9. Nxc6 Qd6 10. Nxe7+ Qxe7 11. Qa4 c5 12. Qxc4 cxd4 13. Qxd4 Rd8 14.
Qh4 Qc5 15. Be3 Qc2 16. Nc3 Ba6 17. Bd4 Ne8 18. Rfc1 Qf5 19. Be3 Nd6 20. Qf4
Nc4 21. Qxf5 exf5 22. Rd1 Nxe3 23. fxe3 Re8 24. Kf2 Rab8 25. Rd2 Re5 26. Rad1
Rbe8 27. Rd8 Kf8 28. R1d7 Rxd8 29. Rxd8+ Re8 30. Rd7 Re7 31. Rd8+ Re8 32. Rxe8+
Kxe8 33. e4 fxe4 34. Nxe4 Ke7 35. Ke3 Bb5 36. Nc3 Bd7 37. Kd4 Kd6 38. e4 a6 39.
b4 f6 40. a4 Be8 41. a5 Bc6 42. Kc4 h5 43. b5 Bb7 44. b6 g5 45. Kd4 Kc6 46. Nd5
Kb5 47. Nxf6 Kxa5 48. Kc5 1-0

[Event "Velka cena Tabora"]
[Site "?"]
[Date "2018.08.03"]
[Round "7.18"]
[White "Kubin, Petr"]
[Black "Ven Nieuwenhuizen, Hans"]
[Result "1/2-1/2"]
[WhiteElo "1998"]
[BlackElo "1864"]
[PlyCount "56"]
[EventDate "2018.??.??"]

1. e4 g6 2. d4 Bg7 3. Nc3 d6 4. f4 e6 5. Nf3 Ne7 6. Bd3 Nd7 7. O-O e5 8. fxe5
dxe5 9. Ng5 Nb6 10. Nxf7 Qxd4+ 11. Kh1 Rf8 12. Ng5 h6 13. Rxf8+ Bxf8 14. Nh7
Bg7 15. Qf3 Qd6 16. Be3 Bd7 17. Rf1 O-O-O 18. Qf7 Rg8 19. Nb5 Bxb5 20. Bxb5 a6
21. Be2 Kb8 22. Rd1 Qb4 23. Bf3 Nbc8 24. c3 Qb5 25. b4 Qe8 26. Qe6 Qc6 27. Qf7
Qe8 28. Qe6 Qc6 1/2-1/2

[Event "Velka cena Tabora"]
[Site "?"]
[Date "2018.08.03"]
[Round "7.19"]
[White "Mosnicka, Jan"]
[Black "Odehnal, Jaroslav"]
[Result "1/2-1/2"]
[WhiteElo "1836"]
[BlackElo "1974"]
[PlyCount "147"]
[EventDate "2018.??.??"]

1. e4 e5 2. Nf3 Nf6 3. Nc3 Nc6 4. Bb5 Bc5 5. O-O O-O 6. Nxe5 Nxe5 7. d4 Qe7 8.
Bg5 c6 9. Be2 Bb6 10. dxe5 Qxe5 11. Bxf6 Qxf6 12. Bd3 d6 13. Qh5 g6 14. Qh6 Bd4
15. Qd2 b5 16. Rab1 Be6 17. a3 a6 18. Nd1 Rfd8 19. c3 Bb6 20. Ne3 d5 21. Qe2 d4
22. cxd4 Bxd4 23. Rfd1 c5 24. b3 Ra7 25. a4 b4 26. Nc4 Rad7 27. Rf1 Qg5 28. Kh1
Bxf2 29. Rbd1 Bg4 30. Qxf2 Bxd1 31. Nb6 Bxb3 32. Nxd7 Rxd7 33. Bxa6 Bxa4 34.
Bc4 Qe7 35. Qa2 Rd1 36. Qxa4 Rxf1+ 37. Bxf1 Qxe4 38. Qb5 Qe5 39. h3 Kg7 40. Qc4
h5 41. Bd3 Kf6 42. Bc2 Kg7 43. Bb3 Qc7 44. Qd5 Qe7 45. Kg1 h4 46. Kf2 f5 47.
Kf1 Kf6 48. Qc6+ Kg5 49. Kf2 Kh6 50. Qd5 Qc7 51. Ke2 Qg3 52. Bc4 Qc7 53. Kd2
Qf4+ 54. Kc2 Qc7 55. Qf3 Qe5 56. Kb3 Kg5 57. Bd5 Qd4 58. Bc4 Qe5 59. Ka4 Qe8+
60. Ka5 Qe4 61. Qf1 Qc6 62. Qe2 Qe4 63. Qd2+ Kf6 64. Qd6+ Kg5 65. Qd8+ Kf4 66.
Bd5 Qe1 67. Qd6+ Ke3 68. Qxc5+ Kf4 69. Qxb4+ Qxb4+ 70. Kxb4 g5 71. Kc3 g4 72.
hxg4 fxg4 73. Kd2 h3 74. gxh3 1/2-1/2

[Event "Velka cena Tabora"]
[Site "?"]
[Date "2018.08.03"]
[Round "7.20"]
[White "Bartos, Alois"]
[Black "Rybin, Jan"]
[Result "1/2-1/2"]
[WhiteElo "1971"]
[BlackElo "1851"]
[PlyCount "40"]
[EventDate "2018.??.??"]

1. e4 c6 2. d4 d5 3. exd5 cxd5 4. c4 Nf6 5. Nc3 Nc6 6. Nf3 Bg4 7. cxd5 Nxd5 8.
Qb3 Bxf3 9. gxf3 e6 10. Qxb7 Nxd4 11. Bb5+ Nxb5 12. Qc6+ Ke7 13. Nxb5 Rc8 14.
Qb7+ Ke8 15. Nxa7 Bb4+ 16. Kf1 Rc7 17. Nc6 Ne3+ 18. Bxe3 Qd3+ 19. Kg1 Qg6+ 20.
Kf1 Qd3+ 1/2-1/2

[Event "Velka cena Tabora"]
[Site "?"]
[Date "2018.08.04"]
[Round "8.11"]
[White "Parak, Dominik"]
[Black "Hasek, Vaclav"]
[Result "1-0"]
[WhiteElo "2098"]
[BlackElo "1913"]
[PlyCount "97"]
[EventDate "2018.??.??"]

1. e4 Nf6 2. Nc3 d5 3. exd5 Nxd5 4. d4 Bf5 5. Nxd5 Qxd5 6. c4 Qe4+ 7. Be3 Qc2
8. Qxc2 Bxc2 9. Nf3 e6 10. c5 c6 11. Ne5 Nd7 12. Nc4 Be4 13. Bf4 b5 14. Nd6+
Bxd6 15. Bxd6 a5 16. f3 Bd5 17. Bd3 Nf6 18. Kf2 Kd7 19. g4 Ne8 20. Be5 f6 21.
Bg3 h5 22. Rhe1 g5 23. Ke3 Ng7 24. Rf1 h4 25. Be1 e5 26. dxe5 fxe5 27. Be4 Ne6
28. Rd1 Nf4 29. Bc3 Rhe8 30. Bf5+ Kc7 31. a3 Bc4 32. Rd7+ Kb8 33. Rfd1 Nd5+ 34.
Kf2 Ra7 35. Rxa7 Kxa7 36. Bxa5 Re7 37. Bd8 Rg7 38. Re1 Rg8 39. Ba5 Nf4 40. Rxe5
Nd3+ 41. Bxd3 Bxd3 42. Bd2 Rd8 43. Bxg5 Rh8 44. Ke3 Bc4 45. Bf6 Rh7 46. g5 Rd7
47. g6 Bd3 48. g7 Bc4 49. Re8 1-0

[Event "Velka cena Tabora"]
[Site "?"]
[Date "2018.08.04"]
[Round "8.12"]
[White "Hanak, Tomas"]
[Black "Nejdl, Eduard"]
[Result "1-0"]
[WhiteElo "1876"]
[BlackElo "2059"]
[PlyCount "53"]
[EventDate "2018.??.??"]

1. e4 Nf6 2. e5 Nd5 3. d4 d6 4. c4 Nb6 5. exd6 cxd6 6. Nc3 g6 7. Be3 Bg7 8. Rc1
O-O 9. b3 Nc6 10. d5 Ne5 11. Be2 f6 12. f4 Nf7 13. Nf3 e5 14. dxe6 Bxe6 15. O-O
Re8 16. Qd2 Nd7 17. Nd4 Qa5 18. Bf3 Rab8 19. a3 a6 20. b4 Qd8 21. Nxe6 Rxe6 22.
Ba7 Ra8 23. Qd5 Rxa7 24. Qxe6 Nf8 25. Qe3 Qb8 26. Rfe1 f5 27. Nd5 1-0

[Event "Velka cena Tabora"]
[Site "?"]
[Date "2018.08.04"]
[Round "8.13"]
[White "Odehnal, Jaroslav"]
[Black "Placer, Sebastian"]
[Result "1-0"]
[WhiteElo "1974"]
[BlackElo "1868"]
[PlyCount "113"]
[EventDate "2018.??.??"]

1. d4 e6 2. c4 Nf6 3. Nc3 Bb4 4. a3 Bxc3+ 5. bxc3 c5 6. Qc2 Nc6 7. Nf3 d5 8. e3
O-O 9. Bd3 b6 10. cxd5 exd5 11. dxc5 bxc5 12. c4 d4 13. h3 h6 14. O-O Kh8 15.
Re1 Rb8 16. exd4 Nxd4 17. Nxd4 Qxd4 18. Be3 Qd6 19. Rad1 Qc6 20. Bf4 Bb7 21. f3
Rbe8 22. Qc3 Kg8 23. Bc2 Rxe1+ 24. Rxe1 Re8 25. Rxe8+ Nxe8 26. Be4 Qd7 27. Bxb7
Qxb7 28. Qe5 Qc6 29. Kf2 Kh7 30. Qf5+ Kg8 31. Qd5 Qxd5 32. cxd5 Nf6 33. d6 Kf8
34. Be3 a6 35. Bxc5 Ke8 36. Bd4 Kd7 37. Bxf6 gxf6 38. Ke3 Kxd6 39. Kd4 f5 40.
a4 a5 41. f4 h5 42. h4 Kc6 43. Kc4 Kd6 44. Kb5 Kd5 45. Kxa5 Ke4 46. Kb4 Kxf4
47. a5 Kg3 48. a6 Kxg2 49. a7 f4 50. a8=Q+ f3 51. Kc3 f5 52. Kd2 f4 53. Ke1 Kg3
54. Kf1 Kh2 55. Kf2 Kh3 56. Kxf3 Kxh4 57. Kxf4 1-0

[Event "Velka cena Tabora"]
[Site "?"]
[Date "2018.08.04"]
[Round "8.14"]
[White "Tesar, Jan"]
[Black "Plasil, Vojtech"]
[Result "1-0"]
[WhiteElo "2047"]
[BlackElo "1859"]
[PlyCount "77"]
[EventDate "2018.??.??"]

1. d4 d5 2. c4 e6 3. Nc3 Nf6 4. cxd5 exd5 5. Bg5 Be7 6. e3 h6 7. Bh4 c6 8. Bd3
g5 9. Bg3 Bd6 10. Nf3 Bg4 11. O-O Qe7 12. Re1 Bxg3 13. hxg3 Ne4 14. Qc2 Nxc3
15. bxc3 O-O 16. e4 Bxf3 17. gxf3 dxe4 18. fxe4 Nd7 19. e5 Rfe8 20. Qe2 Nf8 21.
Qh5 Qe6 22. Re3 Kg7 23. Rf3 Nd7 24. Kg2 Rad8 25. Bc2 c5 26. Bf5 Qd5 27. Rh1 Rh8
28. e6 Rdf8 29. exd7 cxd4 30. cxd4 Qxd4 31. Qg4 Qd5 32. Be4 Qxa2 33. Rd1 Qa4
34. Qf5 Qxd1 35. Qf6+ Kg8 36. Rd3 Qa4 37. Rd4 Qa6 38. d8=Q Qxf6 39. Qxf6 1-0

[Event "Velka cena Tabora"]
[Site "?"]
[Date "2018.08.04"]
[Round "8.15"]
[White "Sourek, Martin"]
[Black "Kubin, Petr"]
[Result "0-1"]
[WhiteElo "1872"]
[BlackElo "1998"]
[PlyCount "42"]
[EventDate "2018.??.??"]

1. d4 f5 2. Bg5 g6 3. e3 Bg7 4. Bc4 Nf6 5. Nd2 d5 6. Bd3 O-O 7. Ne2 e6 8. Nf4
Qe8 9. c4 c6 10. Rc1 Nbd7 11. Bh4 Ne4 12. f3 Nxd2 13. Qxd2 Nf6 14. O-O h6 15.
Nh3 Kh7 16. Bg3 Qd8 17. c5 Bd7 18. Bb1 Be8 19. Bd6 Rg8 20. b4 g5 21. Bc2 Bg6
0-1